000 00312nam a2200133Ia 4500
008 240624s9999 xx 000 0 und d
041 _aeng
082 _a658.83 SAT
100 _aSATHYAPRIYA P
245 _aMARKETING RESEARCH
260 _aNew Delhi
_bWiley
300 _a242 : p. : cm. ; 28
365 _cRS
_b33
999 _c26406
_d26406